[Event "FRA-chT"]
[Site "France"]
[Date "1998.05.09"]
[Round "9"]
[White "Lecuyer, Christian"]
[Black "Blachier, Pierre"]
[Result "1-0"]
[WhiteElo "2265"]
[BlackElo "2145"]
[PlyCount "143"]
[EventDate "1998.02.06"]
[EventType "team"]
[EventRounds "11"]
[EventCountry "FRA"]
[SourceTitle "CBM 064 Extra"]
[Source "ChessBase"]
[SourceDate "1998.07.07"]
[SourceVersion "1"]
[SourceVersionDate "1998.07.07"]
[SourceQuality "1"]

1. Nf3 Nf6 2. c4 d6 3. d4 g6 4. Nc3 Bg7 5. e4 0-0 6. Be2 e5 7. 0-0 Nc6 8. d5 Ne7 9. b4 Nh5 10. Re1 Nf4 11. Bf1 f5 12. Bxf4 exf4 13. Rc1 Bxc3 14. Rxc3 fxe4 15. Rxe4 Bg4 16. h3 Bxf3 17. Qxf3 g5 18. Qh5 Nf5 19. c5 Qf6 20. Rc1 Ng7 21. Qf3 Rfe8 22. Bd3 Re7 23. Rxe7 Qxe7 24. cxd6 cxd6 25. a4 a6 26. Qg4 Rf8 27. b5 axb5 28. axb5 h5 29. Qf3 Ra8 30. b6 Qe5 31. Kh2 Qd4 32. Qe4 Qxe4 33. Bxe4 Ne8 34. Bf5 Kf7 35. Rc7+ Kf6 36. Bd7 Rb8 37. Bxe8 Rxe8 38. Rxb7 Ke5 39. Rg7 Kxd5 40. Rxg5+ Kc6 41. Rxh5 Kxb6 42. Rf5 Re4 43. h4 Kc6 44. Kh3 d5 45. Kg4 f3+ 46. Kxf3 Rxh4 47. Ke3 Kd6 48. f3 Ra4 49. g4 Ra3+ 50. Kd4 Ra4+ 51. Kc3 Ke6 52. Kd3 Rb4 53. Rf8 Ke7 54. Rf5 Ke6 55. Rf8 Ke7 56. Rg8 Rb3+ 57. Ke2 Kf6 58. Kf2 Rb7 59. Ke3 Rb4 60. f4 Rb3+ 61. Kf2 Rb6 62. Rd8 Ke6 63. Kg3 Rb5 64. g5 Ke7 65. Ra8 d4 66. Kf3 d3 67. Ke3 Rd5 68. Ra2 Ke6 69. Rd2 Kf5 70. Rxd3 Ra5 71. Kf3 Rb5 72. Re3 1-0

[Event "FRA-chT"]
[Site "France"]
[Date "1998.04.05"]
[Round "7"]
[White "Boudre, Jean Pierre"]
[Black "Blachier, Pierre"]
[Result "1/2-1/2"]
[WhiteElo "2380"]
[BlackElo "2145"]
[PlyCount "97"]
[EventDate "1998.02.06"]
[EventType "team"]
[EventRounds "11"]
[EventCountry "FRA"]
[SourceTitle "CBM 064 Extra"]
[Source "ChessBase"]
[SourceDate "1998.07.07"]
[SourceVersion "1"]
[SourceVersionDate "1998.07.07"]
[SourceQuality "1"]

1. e4 Nf6 2. e5 Nd5 3. d4 d6 4. Nf3 Bg4 5. Be2 e6 6. 0-0 Be7 7. c4 Nb6 8. Nc3 0-0 9. Be3 a5 10. b3 d5 11. h3 Bh5 12. c5 Nc8 13. g4 Bg6 14. Ne1 f6 15. exf6 Bxf6 16. f4 c6 17. Nf3 Nd7 18. Rc1 Be7 19. Ne5 Nxe5 20. dxe5 b6 21. Na4 b5 22. Nb2 Ra7 23. Qd4 Bh4 24. Kh2 Raf7 25. Nd3 Be4 26. f5 exf5 27. Nf4 Re7 28. Ng2 Bxg2 29. Kxg2 f4 30. Bxf4 Ref7 31. Bd3 g6 32. Rcd1 Bg5 33. Bg3 Rxf1 34. Rxf1 Rxf1 35. Bxf1 Qe7 36. a3 Qe6 37. Be2 h6 38. Bd1 Kg7 39. Qc3 Bd8 40. Bf4 Ne7 41. Qe3 Ng8 42. Bc2 Bc7 43. Bg3 Bd8 44. Qf2 Bc7 45. Qf4 Bd8 46. h4 Qd7 47. Qd4 Qe6 48. Qf4 Qd7 49. Qd4 1/2-1/2

[Event "Montpellier op-A"]
[Site "Montpellier"]
[Date "1997.??.??"]
[Round "1"]
[White "Blachier, Pierre"]
[Black "Cebalo, Miso"]
[Result "0-1"]
[WhiteElo "2175"]
[BlackElo "2485"]
[PlyCount "106"]
[EventDate "1997.??.??"]
[EventType "swiss"]
[EventRounds "9"]
[EventCountry "FRA"]
[SourceTitle "EXT 1999"]
[Source "ChessBase"]
[SourceDate "1998.11.16"]
[SourceVersion "1"]
[SourceVersionDate "1998.11.16"]
[SourceQuality "1"]

1. e4 c5 2. c3 d5 3. exd5 Qxd5 4. d4 Nf6 5. Nf3 g6 6. Be2 Bg7 7. dxc5 Qxc5 8. Be3 Qc7 9. Na3 Nc6 10. Nb5 Qb8 11. Qc1 0-0 12. Bh6 e5 13. Bxg7 Kxg7 14. 0-0 a6 15. Na3 e4 16. Nd4 Nxd4 17. cxd4 Be6 18. Qe3 Qd6 19. Nc4 Bxc4 20. Bxc4 Ng4 21. Qg3 Qxg3 22. hxg3 e3 23. f3 Nh6 24. Rfe1 Nf5 25. Bd3 Nxg3 26. Rxe3 Rad8 27. Be4 Rd7 28. Rd1 h5 29. Kf2 h4 30. Rb3 Rc8 31. Rc3 Rcd8 32. Rc4 b5 33. Rb4 Rc7 34. Ke3 f5 35. Bd3 Re7+ 36. Kf2 a5 37. Rxb5 Rxd4 38. Rb3 f4 39. Ra3 Re3 40. Rb3 a4 41. Rc3 Kh6 42. Ra3 Kg5 43. Rc3 Re5 44. Rdc1 Red5 45. Bc4 Rd6 46. R3c2 h3 47. gxh3 Kh4 48. Kg1 Rd2 49. b4 Nf5 50. Bf1 Kg3 51. b5 Nd4 52. Rxd2 Nxf3+ 53. Kh1 Rxd2 0-1